| 000 | 00992nam a22003137a 4500 | ||
|---|---|---|---|
| 003 | CHAP | ||
| 005 | 20220817042619.0 | ||
| 008 | 971013s1985 r 00010 d | ||
| 010 | _a49810 | ||
| 011 | _a50782 | ||
| 035 | _a54932 | ||
| 040 | _cCHAP | ||
| 090 | _aFolleto 9735 | ||
| 100 | 0 | 0 |
_aRocha Rodríguez, Ramiro. _998194 |
| 245 | _aGuía para cultivar papa en Guanajuato | ||
| 260 |
_aCelaya, Gto. ; INIA. Campo Agrícola Experimental El Bajío, _c1985 |
||
| 300 |
_a14 p. _b: ilus. |
||
| 490 |
_aFolleto para productores _v; 16 |
||
| 590 |
_aBATCH-UPD _b10 _c20130110 _lUCH01 _h0220 |
||
| 590 |
_aBATCH-UPD _b10 _c20130110 _lUCH01 _h1734 |
||
| 590 |
_aBATCH-UPD _b10 _c20130409 _lUCH01 _h2240 |
||
| 590 |
_aBATCH-UPD _b10 _c20130914 _lUCH01 _h1423 |
||
| 590 |
_aCONVERSION _b10 _c20130109 _lUCH01 _h1327 |
||
| 650 | 1 | 4 |
_aPapa _xGuanajuato. _985244 |
| 830 | 0 |
_aFolleto para productores _v; 16 |
|
| 901 | _aBK | ||
| 942 | _cFOLL | ||
| 949 |
_aFolleto 9735 _bBC _cFOLL _d-120885 _eTS1 _i54932 _si |
||
| 999 |
_c49810 _d49810 |
||